|
|
|
|
| LEADER |
02658nam a22005655i 4500 |
| 001 |
978-0-306-47718-8 |
| 003 |
DE-He213 |
| 005 |
20151103130558.0 |
| 007 |
cr nn 008mamaa |
| 008 |
100301s2002 xxu| s |||| 0|eng d |
| 020 |
|
|
|a 9780306477188
|9 978-0-306-47718-8
|
| 024 |
7 |
|
|a 10.1007/b113629
|2 doi
|
| 040 |
|
|
|d GrThAP
|
| 050 |
|
4 |
|a QD410-412.5
|
| 072 |
|
7 |
|a PNND
|2 bicssc
|
| 072 |
|
7 |
|a SCI013040
|2 bisacsh
|
| 082 |
0 |
4 |
|a 547.05
|2 23
|
| 245 |
1 |
0 |
|a Computational Modeling of Homogeneous Catalysis
|h [electronic resource] /
|c edited by Feliu Maseras, Agustí Lledós.
|
| 264 |
|
1 |
|a Boston, MA :
|b Springer US,
|c 2002.
|
| 300 |
|
|
|a XII, 368 p.
|b online resource.
|
| 336 |
|
|
|a text
|b txt
|2 rdacontent
|
| 337 |
|
|
|a computer
|b c
|2 rdamedia
|
| 338 |
|
|
|a online resource
|b cr
|2 rdacarrier
|
| 347 |
|
|
|a text file
|b PDF
|2 rda
|
| 490 |
1 |
|
|a Catalysis by Metal Complexes,
|x 0920-4652 ;
|v 25
|
| 505 |
0 |
|
|a Computational Methods for Homogeneous Catalysis -- Olefin Polymerization by Early Transition Metal Catalysts -- The Key Steps in Olefin Polymerization Catalyzed by Late Transition Metals -- Hydrogenation of Carbon Dioxide -- Catalytic Enantioselective Hydrogenation of Alkenes -- Isomerization of Double and Triple C-C Bonds at a Metal Center -- Rhodium Diphosphine Hydroformylation -- Transition Metal Catalyzed Borations -- Enantioselective Hydrosilylation by Chiral Pd Based Homogeneous Catalysts with First-Principles and Combined QM/MM Molecular Dynamics Simulations -- Olefin Dihydroxylation -- The Dötz Reaction: A Chromium Fischer Carbene-Mediated Benzannulation Reaction -- Mechanism of Olefin Epoxidation by Transition Metal Peroxo Compounds -- The N?N Triple Bond Activation by Transition Metal Complexes.
|
| 650 |
|
0 |
|a Chemistry.
|
| 650 |
|
0 |
|a Chemoinformatics.
|
| 650 |
|
0 |
|a Inorganic chemistry.
|
| 650 |
|
0 |
|a Organic chemistry.
|
| 650 |
|
0 |
|a Organometallic chemistry.
|
| 650 |
|
0 |
|a Physical chemistry.
|
| 650 |
|
0 |
|a Catalysis.
|
| 650 |
1 |
4 |
|a Chemistry.
|
| 650 |
2 |
4 |
|a Organometallic Chemistry.
|
| 650 |
2 |
4 |
|a Catalysis.
|
| 650 |
2 |
4 |
|a Physical Chemistry.
|
| 650 |
2 |
4 |
|a Computer Applications in Chemistry.
|
| 650 |
2 |
4 |
|a Inorganic Chemistry.
|
| 650 |
2 |
4 |
|a Organic Chemistry.
|
| 700 |
1 |
|
|a Maseras, Feliu.
|e editor.
|
| 700 |
1 |
|
|a Lledós, Agustí.
|e editor.
|
| 710 |
2 |
|
|a SpringerLink (Online service)
|
| 773 |
0 |
|
|t Springer eBooks
|
| 776 |
0 |
8 |
|i Printed edition:
|z 9781402009334
|
| 830 |
|
0 |
|a Catalysis by Metal Complexes,
|x 0920-4652 ;
|v 25
|
| 856 |
4 |
0 |
|u http://dx.doi.org/10.1007/b113629
|z Full Text via HEAL-Link
|
| 912 |
|
|
|a ZDB-2-CMS
|
| 912 |
|
|
|a ZDB-2-BAE
|
| 950 |
|
|
|a Chemistry and Materials Science (Springer-11644)
|